| 000 | 00685nam a2200181 4500 | ||
|---|---|---|---|
| 001 | 117569 | ||
| 003 | ES-MaACL | ||
| 005 | 20250717063030.0 | ||
| 007 | t| | ||
| 008 | 070214s1905 it r ||||1| spa d | ||
| 100 | 0 |
_aPedro Pascual, Santo, _d1227-1300 _989928 |
|
| 245 | 1 | 0 |
_aObras de San Pedro Pascual, Márti Obispo de Jaén y Religioso de la Merced _b: en su lengua original con la traducción latina y algunas anotaciones / _cpor el P. Fr. Pedro Armengol Valenzuela. |
| 260 |
_aRoma : _bF. Cuggiani, _c1905. |
||
| 300 |
_a4 v. ; _c25 cm. |
||
| 700 | 1 |
_aArmengol Valenzuela, Pedro, Arzobispo de Gangra. _922948 |
|
| 852 |
_aES-MaACL _jF-1409-12 |
||
| 999 |
_c117569 _d117569 |
||